Statistics for Nicknames of the First Ten Backrooms Levels

Click here to take the quiz!

General Stats

  • This quiz has been taken 135 times
  • The average score is 4 of 10

Answer Stats

HintAnswer% Correct
Level 0The Lobby
83%
Level 1Habitable Zone
60%
Level 6Lights Out
51%
Level 3Electrical Station
50%
Level 8Cave System
41%
Level 7Thalassophobia
41%
Level 4The Abandoned Office
40%
Level 5The Hotel
39%
Level 2Pipes Dreams
18%
Level 9Darkened Suburbs
17%

Score Distribution

Percentile by Number Answered

Percent of People with Each Score

Your Score History

You have not taken this quiz